Architecture and anthropology
Αποθηκεύτηκε σε:
| Άλλοι συγγραφείς: | |
|---|---|
| Μορφή: | Βιβλίο |
| Γλώσσα: | English |
| Δημοσίευση: |
London :
Academy Group,
c1996
|
| Σειρά: | Architectural design profile ;
; 124 |
| Θέματα: | |
| Ετικέτες: |
Προσθήκη ετικέτας
Δεν υπάρχουν, Καταχωρήστε ετικέτα πρώτοι!
|
MARC
| LEADER | 00000nam a2200000 i 4500 | ||
|---|---|---|---|
| 001 | 1/18251 | ||
| 008 | 981015s1996 eng d | ||
| 020 | |a 1-85490-259-8 | ||
| 035 | |l 10020847 | ||
| 040 | |a GR-MY-UA |b gre |e aacr | ||
| 041 | 0 | |a eng | |
| 082 | 0 | |a 720 | |
| 245 | 1 | 0 | |a Architecture and anthropology / |c [editor, Maggie Toy] |
| 260 | |a London : |b Academy Group, |c c1996 | ||
| 300 | |a 96 p. |b ill. | ||
| 490 | 1 | |a Architectural design profile |v ; 124 | |
| 650 | 0 | 0 | |a Architecture |x Philosophy. |
| 650 | 0 | 0 | |a Architecture |x Social aspects |x Cross-cultural studies. |
| 700 | 1 | |a Toy, Maggie. |4 edt | |
| 830 | 0 | |a Architectural design profile ; |v ; 124 | |
| 852 | |a INST |b LESVOS |e 19981015 |h 720 ARC |p 005100022868 |q 005100022868 |t BK |y 0 | ||
| 901 | |a BIBL1-1999-3 | ||
| 909 | |a Λ |b 059115 | ||
| 922 | |a 1ΕΛΗ |b 199809 |c ΚΠΣ/ΤΚΑ |d ΠΑΠΑΣΩΤΗΡΙΟΥ | ||
| 950 | |a 117-1998-07-12 | ||
| 970 | |z 2000/05/ΟΙΚΟΝΟΜΟΠΟΥΛΟΥ ΧΡΙΣΤΙΝΑ | ||
| 970 | |a ΤΖΑΦΕΡΗ |b ΕΥΑΓΓΕΛΙΑ |z 1999/11/10 | ||